Bezpečnostné kamerové systémy

Bibliographic Details
Main Author: Andrassy, Vladimír (Author)
Format: Article
Language:Slovak
PhysicalDescription:Obr., tab.
ISSN:1335-504X
Subjects:

MARC

LEADER 00000nab a2200000 ar4500
001 vtls009304385
003 SK-MaSNL
005 20260303054211.0
008 080617c2008 xo qr|p|||||||000 b|slo
015 |a SNBRB2008/06  |2 snkbucl 
038 |a SNKBUCL 
040 |a SNKBUCL  |b slo  |c SNKBUCL  |e AACR2 
041 0 |a slo 
044 |a xo  |c SK 
080 |a 654.94:681.77:004  |2 2001 
080 |a 681.77:004  |2 2001 
100 1 |a Andrassy, Vladimír  |4 aut  |9 351314 
245 1 0 |a Bezpečnostné kamerové systémy  |c Vladimír Andrassy 
300 |b Obr., tab. 
504 |a Bibliogr. odkazy 
650 0 7 |a bezpečnostné kamery  |2 snkbucl  |9 1042005 
650 0 7 |a bezpečnostné kamerové systémy  |2 snkbucl  |9 1047823 
773 0 |t Alarm security magazín  |g Roč. X., č. 1 (2008), s. 8-11  |x 1335-504X 
852 |a SNK  |b KIS3GCP 
958 |a NB 
999 |c 1722331  |d 1724261